[Event "Chigorin Memorial"]
[Site "St Petersburg RUS"]
[Date "2013.10.11"]
[Round "7.31"]
[White "Givon, Asaf"]
[Black "Zhurikhin, Alexander"]
[Result "1-0"]
[WhiteTitle "IM"]
[BlackTitle "FM"]
[WhiteElo "2445"]
[BlackElo "2308"]
[WhiteFideId "2801841"]
[BlackFideId "4139569"]
[EventDate "2013.10.05"]

1. e4 e5 2. Nf3 Nc6 3. Bb5 Nf6 4. d3 Bc5 5. Bxc6 dxc6 6. Nbd2 Be6 7. O-O Bd6 8.
h3 h6 9. Re1 Qe7 10. b3 Nd7 11. Bb2 O-O-O 12. d4 Ba3 13. Bxa3 Qxa3 14. c3 exd4
15. cxd4 f5 16. d5 cxd5 17. Nd4 Bf7 18. exf5 Rhe8 19. Qg4 Qd6 20. Qxg7 Qf6 21.
Qxf6 Nxf6 22. b4 h5 23. h4 Ng4 24. f3 Ne3 25. Kf2 Nc4 26. N2b3 Nb2 27. Rxe8 Rxe8
28. a3 c6 29. Rb1 Nd3+ 30. Kf1 Kc7 31. Rd1 Nb2 32. Re1 Kd6 33. g4 Rxe1+ 34. Kxe1
b6 35. g5 c5 36. bxc5+ bxc5 37. Nb5+ Ke5 38. Nxc5 Be8 39. f4+ Kxf4 40. Nd6 Ke5
41. Nxe8 Kxf5 42. Nf6 Nc4 43. a4 Ne5 44. Kf2 d4 45. Nb3 d3 46. Ke3 Nc4+ 47. Kxd3
Nb2+ 48. Ke3 Nxa4 49. Nxh5 Nb6 50. Kf3 Nc4 51. Nd4+ Kg6 52. Nf4+ Kh7 53. Ke4 a5
54. Kd5 Ne3+ 55. Kc5 Kg7 56. Kb5 Kf7 57. Kxa5 Ke7 58. Kb4 Kd6 59. Nf3 1-0

[Event "Chigorin Memorial"]
[Site "St Petersburg RUS"]
[Date "2013.10.11"]
[Round "7.32"]
[White "Yagupov, Igor"]
[Black "Sichinava, Zviad"]
[Result "1-0"]
[WhiteTitle "GM"]
[WhiteElo "2432"]
[BlackElo "2305"]
[WhiteFideId "4113632"]
[BlackFideId "24111716"]
[EventDate "2013.10.05"]

1. e4 e6 2. d4 d5 3. Nc3 Bb4 4. e5 c5 5. a3 Ba5 6. b4 cxd4 7. Qg4 Ne7 8. bxa5
dxc3 9. Qxg7 Rg8 10. Qxh7 Nbc6 11. Nf3 Qc7 12. Bf4 Bd7 13. a6 O-O-O 14. axb7+
Kb8 15. Qd3 d4 16. Bg3 Nf5 17. Rb1 f6 18. exf6 e5 19. f7 Rg7 20. Qc4 Nxg3 21.
hxg3 Bf5 22. Rh6 Rg6 23. Rxg6 Bxg6 24. Ng5 Rh8 25. Qe6 Bxc2 26. Qe8+ Qd8 27.
Qxc6 d3 28. Qxc3 Bxb1 29. Ne6 Qb6 30. f8=Q+ Rxf8 31. Nxf8 Kxb7 32. Nd7 1-0

[Event "Chigorin Memorial"]
[Site "St Petersburg RUS"]
[Date "2013.10.11"]
[Round "7.34"]
[White "Arslanov, Shamil"]
[Black "Golubov, Saveliy"]
[Result "1/2-1/2"]
[WhiteTitle "IM"]
[WhiteElo "2405"]
[BlackElo "2233"]
[WhiteFideId "4192826"]
[BlackFideId "24176729"]
[EventDate "2013.10.05"]

1. Nf3 Nf6 2. c4 e6 3. g3 d5 4. Bg2 Be7 5. O-O O-O 6. b3 d4 7. e3 Nc6 8. exd4
Nxd4 9. Bb2 Bc5 10. Na3 Nxf3+ 11. Qxf3 e5 12. b4 Bd4 13. Bxd4 Qxd4 14. Qe3 Rd8
15. Nb5 Qxe3 16. dxe3 c6 17. Nc7 Rb8 18. b5 Rd7 19. Rfd1 Kf8 20. Rxd7 Bxd7 21.
Rb1 Rc8 22. bxc6 Bxc6 23. Bxc6 Rxc7 24. Bxb7 Rxc4 25. Ba6 Rc7 26. Rb8+ Ke7 27.
Kg2 h5 28. Bb5 Ne4 29. Re8+ Kf6 30. Ba4 Nd6 31. Rh8 g6 32. Bb3 Ne4 33. Rb8 Rd7
34. Rb4 Nc5 35. Bc2 Ke7 36. Rc4 Kd6 37. f4 Rb7 38. fxe5+ Kd5 39. Rc3 Rb2 40. Kf3
Rxa2 41. h4 Rb2 42. e6 Nxe6 43. Be4+ Kd6 44. Rc6+ Ke5 45. Ra6 Rb3 46. Ra5+ Kf6
47. Rxa7 Nd4+ 48. Kf4 Ne2+ 49. Kf3 Nd4+ 50. Kf4 Ne6+ 1/2-1/2

[Event "Chigorin Memorial"]
[Site "St Petersburg RUS"]
[Date "2013.10.11"]
[Round "7.35"]
[White "Khanin, Semen"]
[Black "Aitbayev, Aslan"]
[Result "1/2-1/2"]
[BlackTitle "IM"]
[WhiteElo "2270"]
[BlackElo "2403"]
[WhiteFideId "4111990"]
[BlackFideId "13704613"]
[EventDate "2013.10.05"]

1. e4 e6 2. Qe2 c5 3. Nf3 Nc6 4. g3 g6 5. Bg2 Bg7 6. O-O d6 7. c3 e5 8. d3 Nge7
9. Nh4 Be6 10. f4 Qd7 11. Be3 O-O 12. Na3 exf4 13. gxf4 f5 14. Nf3 h6 15. Nd2 b6
16. Ndc4 Rae8 17. Rae1 Kh7 18. Kh1 d5 19. exd5 Bxd5 20. Bc1 Bxg2+ 21. Kxg2 Rd8
22. Rf3 Nd5 23. Qe6 Nc7 24. Qxd7 Rxd7 25. Nd2 Rfd8 26. Ree3 Bf6 27. Nb3 Kg7 28.
Nc2 Kf7 29. a4 Nd5 30. Re1 Nde7 31. Rh3 Kg7 32. d4 cxd4 33. Nbxd4 Nxd4 34. Nxd4
Bxd4 35. cxd4 Nd5 36. Rg3 Rc8 37. b3 Rdc7 38. Re5 Nf6 39. Ba3 Rc2+ 40. Kf1 Ng4
41. Re7+ Kf6 42. h3 Ra2 43. hxg4 Rxa3 44. Rge3 fxg4 45. Kf2 Rc6 46. Rxa7 Ra1 47.
Kg3 Rg1+ 48. Kf2 Rcc1 49. Rb7 Rcf1+ 50. Ke2 Re1+ 51. Kd3 Rxe3+ 52. Kxe3 Rg3+ 53.
Ke4 Rxb3 54. a5 g3 55. Rxb6+ Rxb6 56. axb6 g2 57. b7 g1=Q 58. b8=Q Qe1+ 59. Kf3
Qd1+ 60. Ke3 Qc1+ 61. Kd3 Qd1+ 1/2-1/2

[Event "Chigorin Memorial"]
[Site "St Petersburg RUS"]
[Date "2013.10.11"]
[Round "7.36"]
[White "Andriasian, Zaven"]
[Black "Bazeev, German"]
[Result "1-0"]
[WhiteTitle "GM"]
[WhiteElo "2621"]
[BlackElo "2322"]
[WhiteFideId "13302000"]
[BlackFideId "24119350"]
[EventDate "2013.10.05"]

1. e4 e5 2. Nf3 Nc6 3. Bc4 Nf6 4. d3 Be7 5. O-O O-O 6. a4 d5 7. exd5 Nxd5 8.
Nbd2 Bg4 9. c3 Kh8 10. a5 a6 11. h3 Bh5 12. Ne4 Nf4 13. d4 Bd6 14. Bxf4 exf4 15.
Re1 Ne7 16. Be2 Ng6 17. Nfg5 Bxe2 18. Qxe2 h6 19. Qh5 Qd7 20. Nf3 Rae8 21. Qd5
Qb5 22. Qxb5 axb5 23. a6 bxa6 24. Rxa6 Be7 25. Ra7 f5 26. Ned2 Bd6 27. Rxe8 Rxe8
28. Rb7 b4 29. c4 c5 30. Rb6 1-0

[Event "Chigorin Memorial"]
[Site "St Petersburg RUS"]
[Date "2013.10.11"]
[Round "7.37"]
[White "Kigel, Dmytro"]
[Black "Aleksandrov, Aleksej"]
[Result "1/2-1/2"]
[WhiteTitle "FM"]
[BlackTitle "GM"]
[WhiteElo "2320"]
[BlackElo "2600"]
[WhiteFideId "14117932"]
[BlackFideId "13500139"]
[EventDate "2013.10.05"]

1. e4 e5 2. Nf3 Nc6 3. Bb5 a6 4. Bxc6 dxc6 5. O-O f6 6. d4 exd4 7. Nxd4 c5 8.
Ne2 Qxd1 9. Rxd1 Bd7 10. Be3 O-O-O 11. Nbc3 Re8 12. Rd2 Be6 13. Rad1 b6 14. f3
Ne7 15. Kf2 Ng6 16. Nd5 h5 17. b3 Kb7 18. Ng3 h4 19. Nf5 a5 20. a4 Ne5 21. Bf4
c4 22. h3 Rh7 23. Kf1 Bc5 24. Be3 Bxd5 25. Rxd5 g6 26. Bxc5 gxf5 27. Bf2 fxe4
28. fxe4 Nc6 29. bxc4 Rxe4 30. c5 Rxa4 31. cxb6 cxb6 32. Rb1 Rc4 33. Rxb6+ Kc7
34. Rdb5 Rd7 35. Rb7+ Kc8 36. Rxd7 Kxd7 37. Rc5 Re4 38. Rh5 Rc4 39. Rxh4 Rxc2
40. Ra4 Rb2 41. h4 Ke6 42. g4 Rb4 43. Rxb4 axb4 44. Ke2 b3 45. Kd2 Ne5 46. g5
fxg5 1/2-1/2

[Event "Chigorin Memorial"]
[Site "St Petersburg RUS"]
[Date "2013.10.11"]
[Round "7.38"]
[White "Jumabayev, Rinat"]
[Black "Donskov, Anatoly"]
[Result "1-0"]
[WhiteTitle "GM"]
[BlackTitle "FM"]
[WhiteElo "2568"]
[BlackElo "2317"]
[WhiteFideId "13702661"]
[BlackFideId "24143413"]
[EventDate "2013.10.05"]

1. Nf3 e6 2. g3 f5 3. Bg2 Nf6 4. O-O d5 5. c4 c6 6. d3 Bd6 7. Nc3 O-O 8. e4 dxe4
9. dxe4 Bb4 10. e5 Bxc3 11. bxc3 Qxd1 12. Rxd1 Ne4 13. Ba3 Re8 14. Rd3 b6 15.
Nd2 Ba6 16. Nxe4 fxe4 17. Rd4 c5 18. Rd6 Bb7 19. Bh3 Kf7 20. Re1 Re7 21. Bc1 h6
22. Bg4 Nd7 23. f4 exf3 24. Kf2 Rf8 25. h4 Rc8 26. Bf4 Nf8 27. Bh5+ Kg8 28. Bxf3
Bxf3 29. Kxf3 Ng6 30. h5 Nh8 31. Red1 Nf7 32. R6d2 Kf8 33. a4 a5 34. Rb1 Rc6 35.
Ke4 Ke8 36. Rdb2 Rb7 37. Rb5 Nd8 38. g4 Kd7 39. g5 hxg5 40. Bxg5 Nf7 41. Bf4 Kc8
42. Rg1 Nd8 43. Rb2 Rcc7 44. Rd2 Rd7 45. Rg6 Rxd2 46. Bxd2 Rd7 47. Bg5 Nf7 48.
Bh4 Rd1 49. Rxg7 Rh1 50. Bf6 Nh6 51. Re7 Rxh5 52. Rxe6 Kc7 53. Re7+ Kc6 54. Re6+
Kc7 55. Re7+ Kc6 56. Rh7 Rh2 57. Bd8 1-0

[Event "Chigorin Memorial"]
[Site "St Petersburg RUS"]
[Date "2013.10.11"]
[Round "7.39"]
[White "Anisimov, Pavel2"]
[Black "Kostin, Alexey"]
[Result "1-0"]
[WhiteTitle "IM"]
[BlackTitle "IM"]
[WhiteElo "2538"]
[BlackElo "2306"]
[WhiteFideId "4135229"]
[BlackFideId "4120736"]
[EventDate "2013.10.05"]

1. e4 c5 2. Nf3 e6 3. d4 cxd4 4. Nxd4 a6 5. Nc3 Qc7 6. Be2 b5 7. O-O Bb7 8. Re1
d6 9. Bg5 Be7 10. Bxe7 Kxe7 11. a4 bxa4 12. Rxa4 Nf6 13. Qd2 Nbd7 14. Nb3 Rhc8
15. Rd1 Qb6 16. Rd4 Rxc3 17. Qxc3 Nxe4 18. Qb4 a5 19. Qxb6 Nxb6 20. Nxa5 Rxa5
21. Rb4 Ba6 22. Bxa6 Nxf2 23. Kxf2 Rxa6 24. Rd3 Nd7 25. Rb7 d5 26. Ra3 Rc6 27.
Raa7 Rd6 28. b4 d4 29. b5 d3 30. cxd3 Rxd3 31. Ke2 Rd5 32. b6 Kd8 33. Rxd7+ Rxd7
34. b7 1-0

[Event "Chigorin Memorial"]
[Site "St Petersburg RUS"]
[Date "2013.10.11"]
[Round "7.40"]
[White "Khakimov, Timur"]
[Black "Rozum, Ivan"]
[Result "0-1"]
[WhiteTitle "IM"]
[BlackTitle "IM"]
[WhiteElo "2305"]
[BlackElo "2533"]
[WhiteFideId "4169115"]
[BlackFideId "24104272"]
[EventDate "2013.10.05"]

1. e4 c6 2. d3 d5 3. Nd2 Qc7 4. Ngf3 Bg4 5. h3 Bh5 6. g3 e5 7. Bg2 Nf6 8. O-O
Nbd7 9. c3 Be7 10. Qc2 O-O 11. Re1 Rfe8 12. Nf1 Rad8 13. Bg5 a5 14. Ne3 Nc5 15.
Nf5 Nxd3 16. Nxe7+ Rxe7 17. Qxd3 dxe4 18. Qe2 exf3 19. Bxf3 Bxf3 20. Qxf3 Re6
21. Rad1 h6 22. Rxd8+ Qxd8 23. Bxf6 Rxf6 24. Qe3 Rd6 25. Qa7 Qc7 26. Kg2 Rd2 27.
Qc5 f6 28. b4 axb4 29. cxb4 Rxa2 30. Rd1 Ra8 31. b5 Rc8 32. b6 Qf7 33. Rd6 Kh8
34. Qc2 c5 35. Qf5 Rf8 36. Qd7 f5 37. Qc7 Kg8 38. Rd7 Qf6 39. Qxb7 f4 40. Qd5+
Kh8 41. b7 fxg3 42. f3 c4 43. Rc7 e4 44. Rf7 Rxf7 45. b8=Q+ Rf8 46. Qxg3 exf3+
47. Kf1 c3 48. Qc4 f2 49. Qcxc3 Qa6+ 50. Qgd3 Qb7 0-1

[Event "Chigorin Memorial"]
[Site "St Petersburg RUS"]
[Date "2013.10.11"]
[Round "7.41"]
[White "Ivakhinova, Inna"]
[Black "Sivuk, Vitaly"]
[Result "0-1"]
[WhiteTitle "WGM"]
[BlackTitle "IM"]
[WhiteElo "2312"]
[BlackElo "2517"]
[WhiteFideId "4185641"]
[BlackFideId "14116502"]
[EventDate "2013.10.05"]

1. d4 f5 2. Nf3 g6 3. g3 Bg7 4. Bg2 Nf6 5. O-O O-O 6. b3 d6 7. Bb2 Qe8 8. c4 Na6
9. Nbd2 h6 10. Qc2 g5 11. e4 fxe4 12. Nxe4 Qh5 13. Nxf6+ Rxf6 14. Nd2 Bf5 15.
Qc3 c6 16. b4 Raf8 17. b5 Nb8 18. Qe3 R6f7 19. Nb3 Bh3 20. Rae1 Bxg2 21. Kxg2
Nd7 22. bxc6 bxc6 23. h3 Qg6 24. Re2 Nb6 25. Na5 Rc8 26. Rfe1 Qf5 27. Qd2 Rc7
28. Rc1 Nd7 29. Nb3 h5 30. Rce1 Nb6 31. Qc2 Qxc2 32. Rxc2 Bf6 33. c5 Nd5 34.
cxd6 exd6 35. Ba3 Rfd7 36. Re6 Be7 37. Re1 Rd8 38. Rec1 Rdc8 39. Kf3 Kf7 40. Ke2
Ke6 41. Kd3 Kd7 42. Ke2 h4 43. Na5 Bf6 44. Kd3 Bg7 45. Nc4 Bf8 46. Rg1 Re8 47.
Re2 Rcc8 48. Ne3 hxg3 49. fxg3 Nxe3 50. Rxe3 Rxe3+ 51. Kxe3 Bg7 52. Rb1 Rc7 53.
Ke4 Ke6 54. Rf1 Rb7 55. Rc1 Kd7 56. Rf1 Ke7 57. Rf5 Rb1 58. Rxg5 Re1+ 59. Kd3
Bf6 60. Ra5 Rd1+ 61. Kc2 Rxd4 62. Rxa7+ Ke6 63. Bb2 Rc4+ 64. Kd3 d5 65. Bxf6
Kxf6 66. Ra8 Ke5 67. Re8+ Kd6 68. Rd8+ Kc5 69. Ra8 Rc1 70. Ra3 Rg1 71. Rc3+ Kd6
72. Kc2 c5 73. g4 c4 74. Rf3 Kc5 75. Rf5 Rg2+ 76. Kb1 c3 77. a4 Kc4 78. a5 Kb3
79. Rf1 d4 80. a6 d3 81. a7 Rb2+ 82. Kc1 Ra2 83. Kb1 c2+ 84. Kc1 Kc3 0-1

[Event "Chigorin Memorial"]
[Site "St Petersburg RUS"]
[Date "2013.10.11"]
[Round "7.42"]
[White "Pustovoitova, Daria"]
[Black "Stukopin, Andrey"]
[Result "0-1"]
[WhiteTitle "FM"]
[BlackTitle "IM"]
[WhiteElo "2286"]
[BlackElo "2515"]
[WhiteFideId "4182146"]
[BlackFideId "24107131"]
[EventDate "2013.10.05"]

1. d4 d5 2. c4 e5 3. dxe5 d4 4. Nf3 Nc6 5. a3 Nge7 6. b4 Ng6 7. Bb2 a5 8. b5
Ncxe5 9. Bxd4 Nxf3+ 10. gxf3 Be6 11. e3 Qh4 12. Nd2 O-O-O 13. b6 Rxd4 14. exd4
Qxd4 15. Ne4 Qxb6 16. Rb1 Qc6 17. c5 Bd5 18. Bh3+ Kb8 19. Nc3 Bc4 20. Qd8+ Ka7
21. Bd7 Qxf3 22. Qxc7 Qxc3+ 23. Kd1 Bb3+ 24. Ke2 Qc2+ 25. Kf1 Qxb1+ 26. Kg2 Bd5+
27. f3 Qc2+ 0-1

[Event "Chigorin Memorial"]
[Site "St Petersburg RUS"]
[Date "2013.10.11"]
[Round "7.45"]
[White "Leontiev, Aleksandr V."]
[Black "Iljiushenok, Ilia"]
[Result "0-1"]
[WhiteTitle "IM"]
[WhiteElo "2310"]
[BlackElo "2418"]
[WhiteFideId "4122968"]
[BlackFideId "24105074"]
[EventDate "2013.10.05"]

1. c4 e5 2. Nc3 Nf6 3. Nf3 Nc6 4. e3 Bb4 5. Nd5 e4 6. Ng1 O-O 7. a3 Be7 8. Qc2
Re8 9. Ne2 b6 10. Nec3 Bb7 11. Be2 Bf8 12. O-O Ne5 13. b4 b5 14. Nxe4 Nxe4 15.
Qxe4 Nxc4 16. Ne7+ Qxe7 17. Qxb7 c6 18. Bxc4 bxc4 19. Qa6 Qe5 20. Ra2 Qb5 21.
Qxb5 cxb5 22. Rc2 a5 23. bxa5 Rxa5 24. f3 Rea8 25. Kf2 d5 26. Ke2 f6 27. d3 Bxa3
28. e4 Bb4 29. Bd2 Ra2 30. Rfc1 Rxc2 31. Rxc2 Bxd2 32. Kxd2 Ra3 33. dxc4 dxc4
34. Ke2 0-1

[Event "Chigorin Memorial"]
[Site "St Petersburg RUS"]
[Date "2013.10.11"]
[Round "7.46"]
[White "Palchun, Grigory"]
[Black "Tseitlin, Mark D"]
[Result "1-0"]
[BlackTitle "GM"]
[WhiteElo "2263"]
[BlackElo "2399"]
[WhiteFideId "24147338"]
[BlackFideId "2800128"]
[EventDate "2013.10.05"]

1. d4 Nf6 2. Nf3 g6 3. Bf4 Bg7 4. e3 O-O 5. Be2 d6 6. O-O Nbd7 7. h3 Qe8 8. c4
e5 9. Bh2 Ne4 10. Qc2 f5 11. Nc3 Nxc3 12. Qxc3 b6 13. Rfe1 Bb7 14. b4 a5 15. c5
axb4 16. Qc4+ d5 17. Qxb4 Qe7 18. Qb3 exd4 19. exd4 Nxc5 20. dxc5 Bxa1 21. Ba6
Qxe1+ 22. Nxe1 Rxa6 23. Bxc7 Bf6 24. cxb6 Rfa8 25. Qe3 Kf7 26. Nd3 Ra3 27. Ne5+
Kg7 28. Qc5 R3a5 29. Qd6 Re8 30. Nc6 Raa8 31. Qd7+ Kg8 32. Bf4 Ra4 33. Qxe8+ 1-0

[Event "Chigorin Memorial"]
[Site "St Petersburg RUS"]
[Date "2013.10.11"]
[Round "7.48"]
[White "Vavulin, Maksim"]
[Black "Ageichenko, Genadi A"]
[Result "1-0"]
[BlackTitle "IM"]
[WhiteElo "2377"]
[BlackElo "2296"]
[WhiteFideId "4169530"]
[BlackFideId "4105222"]
[EventDate "2013.10.05"]

1. e4 c5 2. Nf3 Nc6 3. d4 cxd4 4. Nxd4 Nf6 5. Nc3 e5 6. Ndb5 d6 7. Bg5 a6 8. Na3
b5 9. Bxf6 gxf6 10. Nd5 f5 11. Bxb5 axb5 12. Nxb5 Ra4 13. b4 Qg5 14. O-O Rg8 15.
g3 f4 16. c3 Qh4 17. Kh1 fxg3 18. fxg3 Qxe4+ 19. Kg1 Kd8 20. Nf6 Qe3+ 21. Kg2
Bb7 22. Nxd6 Ba8 23. Nf5+ Nd4+ 24. Kh3 Qe2 25. Qxe2 Nxe2 26. Nxg8 Nxc3 27. a3
Be4 28. Nfh6 Ke8 29. Nf6+ Ke7 30. Nxe4 Nxe4 31. Nxf7 Bg7 32. Rae1 Nd2 33. Rf2
Nc4 34. Re4 1-0

[Event "Chigorin Memorial"]
[Site "St Petersburg RUS"]
[Date "2013.10.11"]
[Round "7.49"]
[White "Svetlov, Dmitry"]
[Black "Sukhareva, Evgeniya"]
[Result "1/2-1/2"]
[WhiteTitle "FM"]
[WhiteElo "2371"]
[BlackElo "2210"]
[WhiteFideId "24102610"]
[BlackFideId "4167155"]
[EventDate "2013.10.05"]

1. d4 d5 2. c4 e6 3. Nf3 Nf6 4. g3 dxc4 5. Qa4+ Nbd7 6. Qxc4 a6 7. Bg2 c5 8. Qc2
b6 9. O-O Bb7 10. Bg5 Rc8 11. dxc5 Bxc5 12. Nc3 b5 13. Qd3 Qb6 14. a4 Ng4 15.
Nd1 Nge5 16. Nxe5 Nxe5 17. Qb3 Bxg2 18. Kxg2 b4 19. Be3 O-O 20. Bxc5 Rxc5 21.
Ne3 Rfc8 22. Rfd1 g6 23. Rd4 a5 24. Rad1 h5 25. f3 Kg7 26. Rd6 R8c6 27. Rd8 Rc8
28. R8d6 R8c6 29. Rd8 Rc8 30. R8d6 R8c6 31. Rd8 Rc8 1/2-1/2

[Event "Chigorin Memorial"]
[Site "St Petersburg RUS"]
[Date "2013.10.11"]
[Round "7.50"]
[White "Kukhmazov, Arsen"]
[Black "Ben Artzi, Ido"]
[Result "0-1"]
[WhiteElo "2239"]
[BlackElo "2370"]
[WhiteFideId "24108260"]
[BlackFideId "2810913"]
[EventDate "2013.10.05"]

1. Nf3 g6 2. c4 Bg7 3. d4 Nf6 4. g3 d5 5. cxd5 Nxd5 6. Bg2 Nb6 7. Nc3 Nc6 8. e3
O-O 9. O-O e5 10. d5 Ne7 11. e4 Bg4 12. Qb3 c6 13. h3 Bxf3 14. Bxf3 cxd5 15.
exd5 Nf5 16. Ne2 Nd6 17. Be3 Nbc4 18. Bg2 Nxe3 19. Qxe3 Qa5 20. Qb3 e4 21. Nc3
Bxc3 22. bxc3 Rac8 23. Qb4 Qxb4 24. cxb4 Rc2 25. Rfd1 f5 26. a3 Kg7 27. f3 Rfc8
28. fxe4 fxe4 29. Rf1 R8c3 30. Rf2 Rxf2 31. Kxf2 Kf6 32. a4 Ke5 0-1

[Event "Chigorin Memorial"]
[Site "St Petersburg RUS"]
[Date "2013.10.11"]
[Round "7.51"]
[White "Gvanceladze, Anna"]
[Black "Usmanov, Vasily"]
[Result "1/2-1/2"]
[WhiteTitle "WFM"]
[WhiteElo "2219"]
[BlackElo "2366"]
[WhiteFideId "4113721"]
[BlackFideId "4135741"]
[EventDate "2013.10.05"]

1. d4 Nf6 2. Nf3 e6 3. Bg5 h6 4. Bxf6 Qxf6 5. e4 d6 6. Nc3 Qe7 7. Bd3 g6 8. Qd2
Bg7 9. h4 a6 10. h5 g5 11. O-O-O Nd7 12. Kb1 b5 13. Rhe1 Bb7 14. Ne2 c5 15. c3
O-O 16. Bc2 Rfd8 17. Nh2 Nf6 18. Ng3 b4 19. cxb4 cxd4 20. f4 Nh7 21. Nf3 gxf4
22. Qxf4 Ng5 23. Qd2 Be5 24. Nh1 Rac8 25. Bd3 Kg7 26. Nf2 f6 27. Ng4 Qf7 28. Rh1
Bc6 29. Rdf1 Qe7 30. Nfxe5 fxe5 31. Rf6 Qxf6 32. Nxf6 Kxf6 33. Bxa6 Bxe4+ 34.
Bd3 d5 35. Qf2+ Ke7 36. Qg3 Kd6 37. Rd1 Rc4 38. b5 Rdc8 39. Bxe4 Nxe4 40. Qa3+
Kd7 41. Qa5 d3 42. a3 d2 43. Rxd2 Nxd2+ 44. Qxd2 d4 45. b6 Rb8 46. Qxh6 Kd6 47.
Qh7 Rxb6 48. Qe4 Rb8 49. g4 Rc5 50. h6 Rd5 51. Qd3 Ke7 52. g5 e4 53. Qxe4 d3 54.
Kc1 d2+ 55. Kd1 Rc8 56. Qb4+ Ke8 57. Qa4+ Kf8 58. Qf4+ Ke8 59. Qa4+ 1/2-1/2

[Event "Chigorin Memorial"]
[Site "St Petersburg RUS"]
[Date "2013.10.11"]
[Round "7.52"]
[White "Belenkaya, Dina"]
[Black "Shuraev, Andrei"]
[Result "1-0"]
[WhiteTitle "WFM"]
[BlackTitle "IM"]
[WhiteElo "2203"]
[BlackElo "2351"]
[WhiteFideId "24142654"]
[BlackFideId "4115295"]
[EventDate "2013.10.05"]

1. e4 c6 2. d4 d5 3. exd5 cxd5 4. Bd3 Nc6 5. c3 Qc7 6. h3 g6 7. Nf3 Nf6 8. O-O
Bg7 9. Re1 O-O 10. Nbd2 a6 11. Nb3 Bf5 12. Bxf5 gxf5 13. Nc5 Ne4 14. Nd3 e6 15.
Bf4 Qd8 16. Nfe5 Ne7 17. Qb3 f6 18. Nf3 Qd7 19. Nh2 Ng6 20. f3 Qf7 21. Nf1 Rfe8
22. Bh2 Ng5 23. Bg3 h5 24. Nf4 Nxf4 25. Bxf4 Nh7 26. Bh2 Nf8 27. f4 Bh6 28. Qd1
Kh7 29. Ne3 Re7 30. Kh1 Rd8 31. Qf3 Nd7 32. Re2 Rg8 33. Rae1 Ree8 34. c4 dxc4
35. Nxc4 Bf8 36. Qxb7 Rg7 37. Qxa6 Bb4 38. Rc1 e5 39. fxe5 fxe5 40. Nxe5 Nxe5
41. Bxe5 Rg6 42. Qc4 1-0

[Event "Chigorin Memorial"]
[Site "St Petersburg RUS"]
[Date "2013.10.11"]
[Round "7.53"]
[White "Tologontegin, Semetey"]
[Black "Rjanova, Valery"]
[Result "1-0"]
[WhiteTitle "FM"]
[BlackTitle "WFM"]
[WhiteElo "2350"]
[BlackElo "2192"]
[WhiteFideId "13800574"]
[BlackFideId "24129119"]
[EventDate "2013.10.05"]

1. e4 c6 2. d4 d5 3. e5 c5 4. dxc5 e6 5. a3 Bxc5 6. Qg4 Ne7 7. b4 Bb6 8. Nf3 Ng6
9. Bd3 Nc6 10. Bb2 Bc7 11. O-O Kf8 12. Rd1 Bd7 13. h4 Qb8 14. Qg5 d4 15. Nxd4
Ncxe5 16. Bb5 h6 17. Qd2 Bxb5 18. Nxb5 Nc4 19. Qc3 Bh2+ 20. Kh1 Nxb2 21. g3 Na4
22. Qf3 Nxh4 23. Qd3 Bxg3 24. fxg3 Nf5 25. g4 Ne7 26. c4 g5 27. Nd6 h5 28. Rf1
hxg4+ 29. Kg1 Nf5 30. Rxf5 exf5 31. c5 Rh6 32. Nd2 Qc7 33. Qxf5 Rxd6 34. cxd6
Qxd6 35. Rf1 Qg3+ 36. Kh1 Qh3+ 37. Kg1 Qg3+ 38. Kh1 Qh3+ 39. Kg1 Qe3+ 40. Rf2
Qg3+ 41. Kh1 Qh4+ 42. Rh2 Qe1+ 43. Nf1 Re8 44. Qf6 Qh4 45. Rxh4 gxh4 46. Qh8+
Ke7 47. Qe5+ Kf8 48. Qd6+ Kg8 49. Qd7 Re1 50. Qxa4 1-0

[Event "Chigorin Memorial"]
[Site "St Petersburg RUS"]
[Date "2013.10.11"]
[Round "7.54"]
[White "Semenova, Elena1"]
[Black "Palachev, Petr"]
[Result "0-1"]
[WhiteTitle "WIM"]
[BlackTitle "FM"]
[WhiteElo "2163"]
[BlackElo "2348"]
[WhiteFideId "24125148"]
[BlackFideId "24129003"]
[EventDate "2013.10.05"]

1. e4 c5 2. Nf3 d6 3. d4 cxd4 4. Nxd4 Nf6 5. f3 e5 6. Nb3 Be6 7. c4 a5 8. Be3 a4
9. N3d2 Qa5 10. Be2 Be7 11. O-O O-O 12. Na3 Nc6 13. Nb5 Rfc8 14. Rc1 Nd7 15. Nb1
Nc5 16. N1c3 Qd8 17. Nd5 Bxd5 18. exd5 Nb8 19. f4 Nbd7 20. Bg4 exf4 21. Bxf4 Qb6
22. Be3 Qd8 23. Bf4 Ra6 24. Qf3 Qf8 25. b4 axb3 26. axb3 f5 27. Qe3 fxg4 28.
Bxd6 Bxd6 29. Rxf8+ Bxf8 30. b4 Na4 31. c5 Naxc5 32. bxc5 Bxc5 33. Nd4 Nf6 34.
Rxc5 Rxc5 35. Nf5 Ra1+ 36. Kf2 Rc2+ 0-1

[Event "Chigorin Memorial"]
[Site "St Petersburg RUS"]
[Date "2013.10.11"]
[Round "7.55"]
[White "Mikhalchenko, Petr"]
[Black "Aminov, Andrey"]
[Result "1-0"]
[WhiteElo "2344"]
[BlackElo "2163"]
[WhiteFideId "4177657"]
[BlackFideId "24162728"]
[EventDate "2013.10.05"]

1. Nf3 Nf6 2. g3 g6 3. b3 Bg7 4. Bb2 O-O 5. c4 d6 6. d4 Nbd7 7. Bg2 e5 8. e3 Re8
9. O-O c6 10. dxe5 Ng4 11. Qxd6 Ngxe5 12. Nxe5 Nxe5 13. Qxd8 Rxd8 14. Kh1 Bg4
15. f3 Bf5 16. e4 Be6 17. h3 c5 18. f4 Nc6 19. Bxg7 Kxg7 20. f5 Bd7 21. Nc3 Ne5
22. Nd5 Bc6 23. fxg6 hxg6 24. a4 a5 25. g4 Bxd5 26. exd5 g5 27. Rad1 Rd6 28. Rf5
f6 29. Re1 Re8 30. h4 Rh8 31. h5 Nxg4 32. Re7+ Kh6 33. Bf3 Ne5 34. Bd1 b6 35.
Kg2 Rhd8 36. Kg3 R8d7 37. Re8 Kg7 38. Bc2 Rd8 39. h6+ Kxh6 40. Rxd8 Rxd8 41.
Rxf6+ Kh5 42. Bd1+ 1-0

[Event "Chigorin Memorial"]
[Site "St Petersburg RUS"]
[Date "2013.10.11"]
[Round "7.56"]
[White "Grinberg, Eyal"]
[Black "Kostin, Konstantin"]
[Result "1-0"]
[BlackTitle "FM"]
[WhiteElo "2087"]
[BlackElo "2337"]
[WhiteFideId "2806070"]
[BlackFideId "4155882"]
[EventDate "2013.10.05"]

1. e4 c6 2. d4 d5 3. e5 c5 4. dxc5 Nc6 5. Nf3 Bg4 6. c3 Bxf3 7. Qxf3 Nxe5 8.
Bb5+ Nc6 9. O-O e6 10. b4 a5 11. Nd2 Be7 12. Nb3 axb4 13. cxb4 Bf6 14. Bxc6+
bxc6 15. Rb1 Ne7 16. Na5 O-O 17. Bd2 Qd7 18. a4 Rfb8 19. Rfc1 Qd8 20. Qe2 e5 21.
Qe1 Qe8 22. Qe2 Qd8 23. Ra1 Qe8 24. Rab1 Qd8 25. h3 h6 26. Qf3 e4 27. Qg4 Be5
28. b5 f5 29. Qh4 Bf6 30. Qg3 Kh7 31. b6 d4 32. b7 e3 33. bxa8=Q Rxa8 34. fxe3
Rxa5 35. Bxa5 Qxa5 36. exd4 Qxa4 37. Kh1 Qxd4 38. Qd6 Qa4 39. Rf1 Qc2 40. Rbe1 1-0